Missing Word: Katy Perry Quiz Stats

 Plays Quiz Updated Jul 27, 2012

Support Sporcle.
Go Orange.
Score 0/10 Timer 01:00
0 Plays Today
Katy Perry Song Missing Word % Correct
The One That Got _____Away
95.9%
I _____ a GirlKissed
94.5%
Last _____ Night (T.G.I.F.)Friday
93.5%
California _____Gurls
93.1%
_____ DreamTeenage
83.4%
Hot 'n' _____Cold
82%
_____ AwakeWide
77.7%
Waking Up in _____Vegas
66.6%
_____ of MePart
60.2%
_____ of YouThinking
52.8%

Today's Daily Dose

Missing Word
'80s Musicals

Word Ladder
Hereditary

Get the Picture
Food Names

From the Vault

Premier League Blitz

by Aurelian147

Sports 3m
You'll have to type fast to keep up with these Premier League players.
Remove Ads.
Support Sporcle.
Get the best of Sporcle when you Go Orange. This ad-free experience offers more features, more stats, and more fun while also helping to support Sporcle. Thank you for becoming a member.

Show Comments

Extras

Top Quizzes Today


Score Distribution

Your Account Isn't Verified!

In order to create a playlist on Sporcle, you need to verify the email address you used during registration. Go to your Sporcle Settings to finish the process.

Report this User

Report this user for behavior that violates our Community Guidelines.

Details: